[Event "GER-chT U20"]
[Site "Magdeburg"]
[Date "2023.12.30"]
[Round "7.7"]
[White "Dietz, Maximilian"]
[Black "Hanmuradov, Uelwi"]
[Result "0-1"]
[WhiteElo "1463"]
[BlackElo "1867"]
[PlyCount "106"]
[EventDate "2023.12.26"]
[EventType "team-swiss"]
[EventRounds "7"]
[EventCountry "GER"]
[SourceTitle "CB03_2024"]
[SourceDate "2024.01.17"]
[SourceVersion "1"]
[SourceVersionDate "2024.01.17"]
[SourceQuality "1"]
[WhiteTeam "Magdeburg USC"]
[BlackTeam "Gera"]
[WhiteTeamCountry "GER"]
[BlackTeamCountry "GER"]

1. e4 c5 2. Nc3 Nc6 3. Bb5 Nd4 4. Bc4 g6 5. f4 e6 6. a3 Bg7 7. Nf3 Ne7 8. d3 0-0 9. 0-0 d5 10. Ba2 Rb8 11. e5 Nec6 12. Nxd4 Nxd4 13. Be3 Nxc2 14. Qxc2 d4 15. Bxd4 Qxd4+ 16. Kh1 b6 17. Nb5 Qd7 18. Nd6 Ba6 19. Rad1 Rfd8 20. Rf3 Bb7 21. Rf2 Bd5 22. Bxd5 exd5 23. d4 c4 24. f5 gxf5 25. Rxf5 Rf8 26. Rdf1 f6 27. Qf2 fxe5 28. dxe5 Qe6 29. Qg3 Rbd8 30. Rxf8+ Rxf8 31. Rxf8+ Kxf8 32. Qf4+ Kg8 33. h3 Qxe5 34. Qf7+ Kh8 35. Nf5 Qe1+ 36. Kh2 Qe5+ 37. Kh1 Qe1+ 38. Kh2 Qe5+ 39. Kh1 Qf6 40. Qxg7+ Qxg7 41. Nxg7 Kxg7 42. Kg1 Kf6 43. Kf2 Ke5 44. Ke3 d4+ 45. Kf3 h5 46. g4 hxg4+ 47. hxg4 b5 48. g5 Kf5 49. g6 Kxg6 50. Ke4 d3 51. Ke3 Kf5 52. b3 Ke5 53. a4 bxa4 0-1